Changing patterns in South Asia / (Record no. 23269)

MARC details
000 -LEADER
fixed length control field 00746cam a22002651 4500
001 - CONTROL NUMBER
control field 6561979
003 - CONTROL NUMBER IDENTIFIER
control field BDDh-ASL
005 - DATE AND TIME OF LATEST TRANSACTION
control field 20231015030222.0
008 - FIXED-LENGTH DATA ELEMENTS--GENERAL INFORMATION
fixed length control field 770120s1961 enka 000 0 eng
010 ## - LIBRARY OF CONGRESS CONTROL NUMBER
LC control number 61043675
015 ## - NATIONAL BIBLIOGRAPHY NUMBER
National bibliography number GB61-11986
035 ## - SYSTEM CONTROL NUMBER
System control number (OCoLC)2689911
040 ## - CATALOGING SOURCE
Original cataloging agency DLC
Transcribing agency PCoR
Modifying agency Uk
-- DLC
-- BDDh-ASL
042 ## - AUTHENTICATION CODE
Authentication code premarc
050 00 - LIBRARY OF CONGRESS CALL NUMBER
Classification number DS509.3
Item number .T55 1961
082 ## - DEWEY DECIMAL CLASSIFICATION NUMBER
Classification number 950
Item number THC
100 1# - MAIN ENTRY--PERSONAL NAME
Personal name Thomson, Ian,
Dates associated with a name 1912-
245 10 - TITLE STATEMENT
Title Changing patterns in South Asia /
260 ## - PUBLICATION, DISTRIBUTION, ETC.
Place of publication, distribution, etc. London :
Name of publisher, distributor, etc. Barrie and Rockliff,
Date of publication, distribution, etc. [1961]
300 ## - PHYSICAL DESCRIPTION
Extent 166 p. :
Other physical details illus.
Dimensions 23 cm.
651 #0 - SUBJECT ADDED ENTRY--GEOGRAPHIC NAME
Geographic name Southeast Asia
General subdivision Civilization.
651 #0 - SUBJECT ADDED ENTRY--GEOGRAPHIC NAME
Geographic name India
General subdivision Civilization.
906 ## - LOCAL DATA ELEMENT F, LDF (RLIN)
a 7
b cbc
c oclcrpl
d u
e ncip
f 19
g y-gencatlg
942 ## - ADDED ENTRY ELEMENTS (KOHA)
Source of classification or shelving scheme Dewey Decimal Classification
Koha item type Books
Holdings
Withdrawn status Lost status Source of classification or shelving scheme Damaged status Not for loan Collection code Home library Current library Shelving location Date acquired Source of acquisition Total Checkouts Full call number Barcode Date last seen Copy number Price effective from Koha item type Public note
    Dewey Decimal Classification     Non-fiction Asiatic Society Library Asiatic Society Library General Stacks 03/22/2021 ASB Library Collections   950 THC 107683 03/22/2021 C-1 03/22/2021 Books RARE

Powered by Koha